[Event "Rated Blitz game"]
[Site "?"]
[Date "2021.02.18"]
[Round "?"]
[White "man_man_lai"]
[Black "annaly1979"]
[Result "1-0"]
[WhiteElo "2507"]
[BlackElo "2369"]
[PlyCount "147"]
[EventDate "2021.??.??"]
[EventType "blitz"]

1. e4 e5 2. Nf3 d5 3. exd5 e4 4. Nd4 c5 5. Nb3 f5 6. d3 Nf6 7. Nc3 Bd6 8. Bg5
O-O 9. Be2 Nbd7 10. Qd2 Qe8 11. O-O-O Qg6 12. h4 h6 13. Bf4 Be5 14. h5 Qe8 15.
dxe4 Bxc3 16. Qxc3 Nxe4 17. Qf3 Ne5 18. Bxe5 Qxe5 19. Nd2 Bd7 20. Nc4 Qe7 21.
Qf4 b5 22. Ne3 c4 23. Rhe1 a5 24. Bf1 c3 25. d6 cxb2+ 26. Kb1 Qf6 27. Nd5 Qg5
28. f3 Qxf4 29. Nxf4 Nc3+ 30. Kxb2 Nxd1+ 31. Rxd1 Rf6 32. a4 bxa4 33. Bc4+ Kh7
34. Ng6 Rb8+ 35. Kc3 Rb6 36. Rd4 Rbxd6 37. Rxd6 Rxd6 38. Nf8+ Kh8 39. Ng6+ Kh7
40. Nf8+ Kh8 41. Ng6+ Rxg6 42. hxg6 f4 43. Kb2 Bf5 44. Bf7 h5 45. c4 h4 46. c5
h3 47. gxh3 Bxh3 48. c6 Bc8 49. Ka3 Ba6 50. Kxa4 Be2 51. c7 Ba6 52. Kxa5 Bc8
53. Kb6 Bf5 54. Ka7 Bc8 55. Kb6 Bd7 56. Kc5 Bc8 57. Kd6 Bf5 58. Ke5 Bc8 59.
Kxf4 Bd7 60. Ke5 Bc8 61. f4 Bd7 62. Kd6 Bc8 63. Be6 Bb7 64. c8=Q+ Bxc8 65. Bxc8
Kg8 66. Ke7 Kh8 67. f5 Kg8 68. f6 gxf6 69. Kxf6 Kf8 70. Bd7 Kg8 71. g7 Kh7 72.
Bf5+ Kh6 73. g8=Q Kh5 74. Qg5# {Normal} 1-0

[Event "Rated Blitz game"]
[Site "?"]
[Date "2021.02.18"]
[Round "?"]
[White "UnCroissant"]
[Black "Fantastic_power06"]
[Result "0-1"]
[WhiteElo "2455"]
[BlackElo "2542"]
[PlyCount "46"]
[EventDate "2021.??.??"]
[EventType "blitz"]

1. e4 e5 2. Nf3 d5 3. Nxe5 Bd6 4. d4 dxe4 5. Nc4 Nc6 6. c3 Bf5 7. Ne3 Bg6 8.
Bc4 Nf6 9. Nd2 h5 10. Ndf1 Qd7 11. Bb3 O-O-O 12. Nc4 Ng4 13. h3 Nh6 14. Nce3 f5
15. Nd5 Bf7 16. Nf4 g5 17. Nxh5 Bxb3 18. axb3 f4 19. g4 a6 20. Qc2 Bb4 21. Ke2
Nxg4 22. hxg4 Qxg4+ 23. Ke1 Nxd4 {Normal} 0-1

[Event "Rated Blitz game"]
[Site "?"]
[Date "2021.02.18"]
[Round "?"]
[White "Maus7"]
[Black "Rusert"]
[Result "1-0"]
[WhiteElo "2629"]
[BlackElo "2503"]
[PlyCount "89"]
[EventDate "2021.??.??"]
[EventType "blitz"]

1. e4 e5 2. Nf3 d5 3. exd5 e4 4. Qe2 Nf6 5. d3 Qxd5 6. dxe4 Qxe4 7. Be3 Nc6 8.
c3 Be7 9. Nbd2 Qc2 10. Nb3 Qg6 11. O-O-O O-O 12. h4 Bg4 13. Qb5 Bxf3 14. gxf3
Qh5 15. Qg5 Qxf3 16. Rg1 Nh5 17. Qb5 Rad8 18. Be2 Rxd1+ 19. Bxd1 a6 20. Qxh5
Qxh5 21. Bxh5 Bxh4 22. Nc5 Nd8 23. Bf3 c6 24. Bd4 g6 25. Nd7 Re8 26. Nf6+ Bxf6
27. Bxf6 Ne6 28. Re1 h5 29. b4 Kh7 30. a4 Kh6 31. b5 axb5 32. axb5 cxb5 33.
Bxb7 g5 34. Bc6 Rb8 35. Be5 Rb6 36. Be4 g4 37. Rd1 Kg5 38. Rd5 Nf4 39. Rc5 Ne6
40. Rd5 Nf4 41. Rc5 Ne6 42. Rc8 Kh4 43. Rh8 Kg5 44. Rg8+ Kh6 45. Bf6 {Time
forfeit} 1-0

[Event "Rated Blitz game"]
[Site "?"]
[Date "2021.02.18"]
[Round "?"]
[White "vaiCheb0a"]
[Black "annaly1979"]
[Result "0-1"]
[WhiteElo "2403"]
[BlackElo "2354"]
[PlyCount "106"]
[EventDate "2021.??.??"]
[EventType "blitz"]

1. e4 e5 2. Nf3 d5 3. exd5 e4 4. Qe2 f5 5. d3 Nf6 6. dxe4 fxe4 7. c4 Bb4+ 8.
Bd2 Bxd2+ 9. Nbxd2 O-O 10. Nxe4 Nxe4 11. Qxe4 Bf5 12. Qh4 Re8+ 13. Be2 Nd7 14.
Qxd8 Raxd8 15. Nd4 Bd3 16. Kd2 Bxe2 17. Nxe2 Ne5 18. b3 c6 19. Nc3 b5 20. cxb5
cxb5 21. f4 Ng6 22. b4 Nxf4 23. Rhe1 Rxe1 24. Rxe1 Nxd5 25. Nxd5 Rxd5+ 26. Kc3
Kf7 27. h3 a6 28. Re3 Kf6 29. a3 Kf7 30. Rd3 Rg5 31. g4 Ke7 32. Kd4 h5 33. Re3+
Kd6 34. Re4 hxg4 35. hxg4 Rd5+ 36. Kc3 g5 37. Re8 Re5 38. Rd8+ Kc6 39. Ra8 Kb7
40. Rg8 Kc6 41. Kd4 Rd5+ 42. Ke4 Rd1 43. Rg6+ Kb7 44. Rxg5 Ra1 45. Rg7+ Kc6 46.
g5 Rxa3 47. g6 Rg3 48. Rg8 a5 49. bxa5 Kb7 50. g7 b4 51. a6+ Ka7 52. Rb8 Kxb8
53. Kf4 Rxg7 {Normal} 0-1

[Event "Rated Blitz game"]
[Site "?"]
[Date "2021.02.18"]
[Round "?"]
[White "Zeusz"]
[Black "DarthZannah"]
[Result "0-1"]
[WhiteElo "2377"]
[BlackElo "2508"]
[PlyCount "31"]
[EventDate "2021.??.??"]
[EventType "blitz"]

1. e4 e5 2. Nf3 d5 3. Nxe5 dxe4 4. d4 Nd7 5. Bf4 Ngf6 6. Nxd7 Bxd7 7. Bc4 Be7
8. O-O O-O 9. Nd2 Bc6 10. Re1 Qxd4 11. Bxc7 Rac8 12. Bf4 Rfd8 13. c3 Qb6 14.
Qc2 Bc5 15. Bg3 e3 16. Qxh7+ {Normal} 0-1

[Event "Rated Blitz game"]
[Site "?"]
[Date "2021.02.18"]
[Round "?"]
[White "Suffkopf97"]
[Black "jflup"]
[Result "0-1"]
[WhiteElo "2402"]
[BlackElo "2406"]
[PlyCount "112"]
[EventDate "2021.??.??"]
[EventType "blitz"]

1. e4 e5 2. Nf3 d5 3. exd5 e4 4. Qe2 Nf6 5. Nc3 Be7 6. Nxe4 Nxd5 7. Qb5+ c6 8.
Qb3 O-O 9. d3 Be6 10. Qxb7 Nd7 11. Be2 Rb8 12. Qxa7 f5 13. Nc3 Bc5 14. Qa4 Nb4
15. O-O Ra8 16. a3 Rxa4 17. Nxa4 Nxc2 18. Bg5 Be7 19. Bf4 Bb3 20. Nc3 Bf6 21.
Rfc1 Nd4 22. Nxd4 Bxd4 23. Bf3 c5 24. Re1 Re8 25. h3 h6 26. Kf1 Nf6 27. Rxe8+
Qxe8 28. Re1 Qd7 29. a4 Bxc3 30. bxc3 Qxd3+ 31. Kg1 Bxa4 32. Re7 Qxc3 33. Be5
Qc1+ 34. Kh2 Bb3 35. Rc7 Bf7 36. g4 fxg4 37. hxg4 c4 38. Kg3 Qd2 39. Bf4 Qd3
40. Kg2 h5 41. g5 Ng4 42. Bxg4 hxg4 43. Rc6 Qe4+ 44. Kg3 Qxc6 45. Kxg4 Qe6+ 46.
Kf3 Bg6 47. Bd2 Qe4+ 48. Kg3 Qd3+ 49. f3 Qxd2 50. Kg4 c3 51. Kg3 c2 52. Kg4
c1=Q 53. Kg3 Qf4+ 54. Kg2 Qcd2+ 55. Kf1 Qxf3+ 56. Kg1 Qfg2# {Normal} 0-1

[Event "Rated Blitz game"]
[Site "?"]
[Date "2021.02.18"]
[Round "?"]
[White "thekinglear"]
[Black "JusmaChess"]
[Result "1-0"]
[WhiteElo "2426"]
[BlackElo "2433"]
[PlyCount "153"]
[EventDate "2021.??.??"]
[EventType "blitz"]

1. e4 e5 2. Nf3 d5 3. exd5 Qxd5 4. Nc3 Qc5 5. d4 exd4 6. Nxd4 Qe5+ 7. Be2 Nc6
8. Nxc6 bxc6 9. O-O Bd6 10. g3 Nf6 11. Bf3 Bb7 12. Re1 O-O 13. Rxe5 Bxe5 14.
Bf4 Bxf4 15. gxf4 Rfe8 16. Qd4 c5 17. Qd3 Rad8 18. Bxb7 Rxd3 19. cxd3 Rb8 20.
Bd5 Rxb2 21. Bc4 Rc2 22. Nb5 g5 23. fxg5 Ng4 24. Rf1 a5 25. Nxc7 a4 26. Na6 Ne5
27. Nxc5 Nxc4 28. dxc4 Rxa2 29. Rc1 a3 30. Kg2 Rb2 31. Rc3 a2 32. Ra3 Rc2 33.
Na6 Rxc4 34. Rxa2 Rg4+ 35. Kf3 Rxg5 36. h4 Re5 37. Nb4 Kg7 38. Nd3 Rf5+ 39. Nf4
h5 40. Rd2 Rc5 41. Rd5 Rc3+ 42. Kg2 Kh6 43. Rxh5+ Kg7 44. Rg5+ Kf8 45. h5 Rc6
46. Kg3 Rh6 47. Kg4 Ra6 48. Rf5 Kg7 49. Kg5 f6+ 50. Kg4 Ra4 51. Rb5 Ra2 52. f3
Ra6 53. Kf5 Kh6 54. Rd5 Ra3 55. Rd6 Rxf3 56. Rxf6+ Kh7 57. Rg6 Rf1 58. Kg5 Rg1+
59. Kf6 Rf1 60. Rg4 Rf3 61. Kg5 Ra3 62. Rg2 Ra5+ 63. Kg4 Ra1 64. Re2 Rg1+ 65.
Kf5 Rh1 66. Re7+ Kh6 67. Re6+ Kh7 68. Kg5 Rg1+ 69. Kh4 Rb1 70. Nh3 Rb4+ 71. Kg5
Rb5+ 72. Kg4 Rb4+ 73. Nf4 Rb1 74. Re5 Rg1+ 75. Kf5 Kh6 76. Re6+ Rg6 77. Rxg6+ {
Normal} 1-0

[Event "Rated Blitz game"]
[Site "?"]
[Date "2021.02.18"]
[Round "?"]
[White "Zaza2106"]
[Black "Mettigel"]
[Result "0-1"]
[WhiteElo "2340"]
[BlackElo "2479"]
[PlyCount "32"]
[EventDate "2021.??.??"]
[EventType "blitz"]

1. e4 e5 2. Nf3 d5 3. exd5 Bd6 4. Nc3 Nf6 5. Qe2 O-O 6. d3 c6 7. dxc6 Nxc6 8.
Bg5 Bg4 9. h3 Nd4 10. Qd1 Bxf3 11. gxf3 h6 12. Bh4 Rc8 13. Be2 Bb4 14. Qd2 Qd6
15. Rg1 Nd5 16. Kf1 Nxc3 {Normal} 0-1

[Event "Rated Blitz game"]
[Site "?"]
[Date "2021.02.18"]
[Round "?"]
[White "ilija83gr"]
[Black "oALJHoNDr0"]
[Result "1/2-1/2"]
[WhiteElo "2459"]
[BlackElo "2450"]
[PlyCount "167"]
[EventDate "2021.??.??"]
[EventType "blitz"]

1. e4 e5 2. Nf3 d5 3. Nxe5 dxe4 4. d4 Bd6 5. Nc4 Nc6 6. Nc3 Nf6 7. Bg5 Bf5 8.
Ne3 Bg6 9. d5 Ne5 10. Bb5+ c6 11. dxc6 bxc6 12. Ba4 O-O 13. Bb3 Qe7 14. Qe2 Bb4
15. O-O Bxc3 16. bxc3 Ned7 17. Qc4 Rfc8 18. Rad1 Qe5 19. Bh4 Nb6 20. Qa6 Qxc3
21. Rd6 Nbd5 22. Bxf6 Nxf6 23. Rfd1 h6 24. h3 Rc7 25. Ng4 Nxg4 26. Rxg6 Nf6 27.
Rg3 Qe5 28. Qc4 Re8 29. a4 Nd5 30. Re1 Kh7 31. a5 f5 32. a6 f4 33. Rg4 e3 34.
Qd3+ Kh8 35. Kh2 h5 36. Rh4 f3+ 37. g3 e2 38. Bxd5 cxd5 39. Qxf3 g6 40. Rf4 Kg7
41. Qd3 Rce7 42. Rd4 Rd7 43. c4 Rf7 44. f4 dxc4 45. fxe5 cxd3 46. Rxd3 Rxe5 47.
Kg2 Rf6 48. Rd2 Rxa6 49. Rdxe2 Rxe2+ 50. Rxe2 Ra1 51. Re8 a5 52. Ra8 a4 53. Ra6
a3 54. Kh2 a2 55. Kg2 Kh6 56. h4 Kg7 57. Kh2 Kf7 58. Kg2 Ke7 59. Kh2 Kd7 60.
Kg2 Kc7 61. Kh2 Kb7 62. Ra3 Kb6 63. Ra8 Kc5 64. Kg2 Kd4 65. Rd8+ Kc3 66. Rc8+
Kb3 67. Rb8+ Kc3 68. Rc8+ Kd3 69. Rd8+ Ke4 70. Ra8 Kf5 71. Ra5+ Ke4 72. Ra4+
Ke3 73. Ra8 Ke4 74. Re8+ Kd5 75. Rd8+ Ke6 76. Ra8 Kf6 77. Ra6+ Kg7 78. Ra8 Kh6
79. Rh8+ Kg7 80. Ra8 Kf6 81. Ra6+ Ke5 82. Ra8 Kd4 83. Rd8+ Kc3 84. Rc8+ {Normal
} 1/2-1/2

[Event "Rated Blitz game"]
[Site "?"]
[Date "2021.02.18"]
[Round "?"]
[White "Frutek"]
[Black "pasha1984"]
[Result "1-0"]
[WhiteElo "2454"]
[BlackElo "2351"]
[PlyCount "39"]
[EventDate "2021.??.??"]
[EventType "blitz"]

1. e4 e5 2. Nf3 d5 3. Nxe5 dxe4 4. Bc4 Qg5 5. d4 Qxg2 6. Rf1 Be6 7. Bxe6 fxe6
8. Nc3 Nf6 9. Bf4 Bb4 10. Qe2 Bxc3+ 11. bxc3 O-O 12. O-O-O Nc6 13. Rg1 Qh3 14.
Rg3 Qf5 15. Bh6 Nxe5 16. Rxg7+ Kh8 17. dxe5 Ng4 18. Qxg4 Qxe5 19. Rg5 Qxc3 20.
Bg7+ {Normal} 1-0

[Event "Rated Blitz game"]
[Site "?"]
[Date "2021.02.18"]
[Round "?"]
[White "MattesCooper89"]
[Black "Glig"]
[Result "1-0"]
[WhiteElo "2353"]
[BlackElo "2425"]
[PlyCount "121"]
[EventDate "2021.??.??"]
[EventType "blitz"]

1. e4 e5 2. Nf3 d5 3. exd5 e4 4. Qe2 Be7 5. Qxe4 Nf6 6. Qe2 O-O 7. d3 Re8 8.
Be3 Nxd5 9. Nbd2 Bf6 10. O-O-O c5 11. Ne4 Be7 12. g3 Nc6 13. Bg2 Bf8 14. Rhe1
Bg4 15. h3 Bh5 16. g4 Bg6 17. Qd2 Nxe3 18. Rxe3 h6 19. Rde1 Re6 20. Ng3 Rxe3
21. Qxe3 Qa5 22. a3 f6 23. Nd2 Re8 24. Qxe8 Bxe8 25. Rxe8 Ne7 26. Nf5 Kf7 27.
Nd6+ Kg8 28. Nf5 Kf7 29. Nd6+ Kg8 30. Bxb7 Qc7 31. N2c4 g6 32. f4 Kg7 33. f5 g5
34. Bf3 Ng8 35. Rc8 Qd7 36. Rb8 Bxd6 37. Rb7 Qxb7 38. Bxb7 Bg3 39. Kd1 Ne7 40.
Ke2 h5 41. Be4 Bc7 42. Ne3 Kh6 43. Kf3 h4 44. c3 Kg7 45. d4 Bb6 46. d5 Nc8 47.
Nc4 Bc7 48. a4 Nd6 49. Nxd6 Bxd6 50. b3 a5 51. Ke3 Kf8 52. Kd3 Ke7 53. Kc4 Kd8
54. Kb5 Kc7 55. Kxa5 c4 56. Kb5 cxb3 57. Bb1 b2 58. c4 Kb8 59. c5 Be5 60. d6
Bxd6 61. Kc6 {Time forfeit} 1-0

[Event "Rated Blitz game"]
[Site "?"]
[Date "2021.02.18"]
[Round "?"]
[White "divergent_twin"]
[Black "Ninepins99"]
[Result "1-0"]
[WhiteElo "2452"]
[BlackElo "2441"]
[PlyCount "111"]
[EventDate "2021.??.??"]
[EventType "blitz"]

1. e4 e5 2. Nf3 d5 3. Nxe5 Bd6 4. d4 dxe4 5. Bc4 Bxe5 6. Qh5 Qe7 7. Qxe5 Qxe5
8. dxe5 Nc6 9. Nc3 Nxe5 10. Bb3 Bf5 11. Bf4 Ng6 12. Bxc7 Nf6 13. O-O-O O-O 14.
Bg3 a6 15. a4 Rac8 16. Rhe1 Rfe8 17. Nd5 Nxd5 18. Bxd5 b5 19. axb5 axb5 20. Re3
h5 21. h4 Be6 22. Rxe4 Bxd5 23. Rxe8+ Rxe8 24. Rxd5 b4 25. Rxh5 Re1+ 26. Kd2
Rb1 27. Rb5 Rxb2 28. Kc1 Ra2 29. h5 Ne7 30. Rxb4 Nd5 31. Rb3 Ra1+ 32. Kd2 Rg1
33. c4 Ne7 34. c5 Rxg2 35. Ke3 Rg1 36. Bd6 Nf5+ 37. Ke4 g6 38. hxg6 fxg6 39.
Kd5 Rd1+ 40. Ke5 Kg7 41. Rb7+ Kh6 42. Rd7 Rc1 43. f4 Kh5 44. Kf6 Ne3 45. Rh7+
Kg4 46. Kxg6 Nf5 47. Rd7 Nd4 48. Kf6 Nf5 49. Rd8 Nd4 50. Rg8+ Kf3 51. Ke5 Nc6+
52. Kd5 Nb4+ 53. Ke6 Ke4 54. f5 Rf1 55. f6 Nd5 56. f7 {Normal} 1-0

[Event "Rated Blitz tournament 6shSWibl"]
[Site "?"]
[Date "2021.02.18"]
[Round "?"]
[White "Asonchess"]
[Black "dr_xStranger"]
[Result "0-1"]
[WhiteElo "2419"]
[BlackElo "2535"]
[PlyCount "32"]
[EventDate "2021.??.??"]
[EventType "blitz"]

1. e4 e5 2. Nf3 d5 3. exd5 e4 4. Qe2 Nf6 5. Nc3 Bb4 6. Nxe4 O-O 7. Nxf6+ Qxf6
8. Qd1 Qg6 9. c3 Bd6 10. g3 Re8+ 11. Be2 Bh3 12. Rg1 Bg4 13. Kf1 Qh5 14. Rh1
Nd7 15. Ng1 Rxe2 16. Nxe2 Re8 {Normal} 0-1

[Event "Rated Rapid game"]
[Site "?"]
[Date "2021.02.18"]
[Round "?"]
[White "alinesinmath"]
[Black "Tyutyunov_Aleksei"]
[Result "1-0"]
[WhiteElo "2402"]
[BlackElo "2281"]
[PlyCount "25"]
[EventDate "2021.??.??"]
[EventType "rapid"]

1. e4 e5 2. Nf3 d5 3. Nxe5 Qe7 4. d4 Nd7 5. Bf4 g5 6. Nc3 gxf4 7. Nxd5 Qd8 8.
Qh5 Nh6 9. Bb5 c6 10. Bxc6 bxc6 11. Nxc6 Qb6 12. Qe5+ Nxe5 13. Nf6# {Normal}
1-0

[Event "Rated Blitz tournament R7YOWXds"]
[Site "?"]
[Date "2021.02.18"]
[Round "?"]
[White "odiaza"]
[Black "om_gendut"]
[Result "1-0"]
[WhiteElo "2538"]
[BlackElo "2396"]
[PlyCount "95"]
[EventDate "2021.??.??"]
[EventType "blitz"]

1. e4 e5 2. Nf3 d5 3. Nxe5 Bd6 4. d4 dxe4 5. Nc3 Bxe5 6. dxe5 Qxd1+ 7. Nxd1 Nc6
8. Bb5 Bd7 9. Bxc6 Bxc6 10. Nc3 O-O-O 11. Be3 Ne7 12. O-O Ng6 13. e6 fxe6 14.
a4 b6 15. b4 e5 16. a5 Nf4 17. Rfe1 Nd5 18. Nxd5 Bxd5 19. axb6 axb6 20. Rec1
Bc4 21. h3 Kb7 22. Re1 Ra8 23. Rad1 Rad8 24. Bd2 Bd5 25. Bc3 Bc6 26. Bxe5 Rxd1
27. Rxd1 Re8 28. Bxg7 Rg8 29. Bc3 e3 30. g3 e2 31. Ra1 Rd8 32. Re1 Bf3 33. Kh2
h5 34. b5 Rd1 35. g4 h4 36. g5 Rd6 37. Bf6 Rd1 38. Bc3 Rd5 39. Rg1 Rd1 40. g6
Rd8 41. g7 Rg8 42. Rg5 Kc8 43. Rf5 Be4 44. Rf8+ Rxf8 45. gxf8=Q+ Kb7 46. Qf4
Bxc2 47. Qe3 Bd3 48. Qxd3 {Normal} 1-0

[Event "Rated Blitz game"]
[Site "?"]
[Date "2021.02.18"]
[Round "?"]
[White "Mikasinski"]
[Black "Aldebaraan"]
[Result "1-0"]
[WhiteElo "2489"]
[BlackElo "2225"]
[PlyCount "41"]
[EventDate "2021.??.??"]
[EventType "blitz"]

1. e4 e5 2. Nf3 d5 3. Nxe5 Bd6 4. d4 dxe4 5. Nc3 Nf6 6. Be2 O-O 7. Nc4 Be7 8.
O-O Bf5 9. Ne3 Bg6 10. f3 Re8 11. fxe4 Nxe4 12. Bf3 Nxc3 13. bxc3 Nc6 14. Rb1
Qd7 15. Rxb7 Rab8 16. Rxb8 Rxb8 17. Qe2 Re8 18. Re1 Bh4 19. g3 Bg5 20. Qb5 Nb8
21. Qxg5 {Normal} 1-0

[Event "Rated Blitz tournament G5A1fjLU"]
[Site "?"]
[Date "2021.02.18"]
[Round "?"]
[White "Sergeiaza"]
[Black "Schachelite"]
[Result "0-1"]
[WhiteElo "2653"]
[BlackElo "2390"]
[PlyCount "108"]
[EventDate "2021.??.??"]
[EventType "blitz"]

1. e4 e5 2. Nf3 d5 3. d4 dxe4 4. Nxe5 Bd6 5. Bf4 Nf6 6. Bc4 O-O 7. O-O Nbd7 8.
Nd2 Qe7 9. Nxd7 Bxd7 10. Bg5 Rae8 11. Re1 Bf5 12. c3 h6 13. Bh4 c6 14. Bg3 Bxg3
15. hxg3 Qd6 16. Bf1 e3 17. fxe3 Qxg3 18. Qf3 Qg5 19. Qf4 Qg6 20. Nf3 Nd5 21.
Qh4 Rxe3 22. Ne5 Qg5 23. Qxg5 hxg5 24. Kf2 Rxe1 25. Rxe1 f6 26. Nd3 Kf7 27. Nc5
b6 28. Nb3 Re8 29. Rxe8 Kxe8 30. Bc4 Be6 31. Nd2 Ke7 32. g3 f5 33. Bd3 g6 34.
a3 g4 35. Nc4 Bd7 36. Ne5 Be8 37. c4 Nc7 38. Ke3 Ne6 39. Bf1 Kd6 40. Bg2 Nxd4
41. Nxg6 Nc2+ 42. Kd2 Bxg6 43. Kxc2 f4+ 44. Kc3 fxg3 45. Kd4 c5+ 46. Ke3 Ke5
47. b4 Bf5 48. bxc5 bxc5 49. a4 a5 50. Bh1 Bc2 51. Bc6 Bb3 52. Kd3 Kf4 53. Kc3
Bd1 54. Kd2 Bf3 {Time forfeit} 0-1

[Event "Rated Blitz game"]
[Site "?"]
[Date "2021.02.18"]
[Round "?"]
[White "daregu"]
[Black "oALJHoNDr0"]
[Result "1-0"]
[WhiteElo "2504"]
[BlackElo "2369"]
[PlyCount "69"]
[EventDate "2021.??.??"]
[EventType "blitz"]

1. e4 e5 2. Nf3 d5 3. Nxe5 dxe4 4. d4 Bd6 5. Nc3 Bxe5 6. dxe5 Qxd1+ 7. Kxd1 Nc6
8. Nxe4 Nxe5 9. Bf4 Bg4+ 10. Ke1 f6 11. f3 Bd7 12. Kf2 O-O-O 13. Be2 Ne7 14.
Rhd1 N7g6 15. Be3 a6 16. Nc5 Bc6 17. Ne6 Rxd1 18. Rxd1 Rg8 19. f4 Nf7 20. Nd4
Be4 21. Bc4 Ngh8 22. c3 Rd8 23. Bb3 Nd6 24. Ne6 Rd7 25. Nc5 Re7 26. Nxe4 Nxe4+
27. Kf3 Nd6 28. Bc5 Kd7 29. f5 b6 30. Be6+ Kc6 31. Ba3 Nhf7 32. Kf4 Ng5 33.
Bd5+ Kd7 34. h4 Ngf7 35. Bxf7 {Time forfeit} 1-0

[Event "Rated Blitz game"]
[Site "?"]
[Date "2021.02.18"]
[Round "?"]
[White "JGrimaldo"]
[Black "RiskyBlitzer"]
[Result "0-1"]
[WhiteElo "2236"]
[BlackElo "2410"]
[PlyCount "64"]
[EventDate "2021.??.??"]
[EventType "blitz"]

1. e4 e5 2. Nf3 d5 3. Nxe5 dxe4 4. Bc4 Qg5 5. d4 Qxg2 6. Rf1 Nc6 7. Bxf7+ Ke7
8. Bd5 Bh3 9. Nxc6+ bxc6 10. Bc4 Qxh2 11. Bg5+ Nf6 12. Bxf6+ gxf6 13. Qh5 Kd8
14. Nd2 Bd6 15. O-O-O Bxf1 16. Qxh2 Bxh2 17. Nxf1 Bf4+ 18. Kb1 Kd7 19. d5 c5
20. Re1 f5 21. f3 exf3 22. Ne3 Bxe3 23. Rxe3 f4 24. Rxf3 Raf8 25. Bb5+ Kd6 26.
Bc6 h5 27. c3 h4 28. b4 h3 29. bxc5+ Kxc5 30. Rf1 h2 31. Rh1 f3 32. Bd7 f2 {
Normal} 0-1

[Event "Rated Blitz game"]
[Site "?"]
[Date "2021.02.18"]
[Round "?"]
[White "vovasev"]
[Black "bobbybaer"]
[Result "1-0"]
[WhiteElo "2405"]
[BlackElo "2232"]
[PlyCount "41"]
[EventDate "2021.??.??"]
[EventType "blitz"]

1. e4 e5 2. Nf3 d5 3. Nc3 d4 4. Ne2 Bd6 5. d3 Ne7 6. Ng3 O-O 7. Be2 c5 8. O-O
Nbc6 9. c4 f5 10. exf5 Nxf5 11. Nxf5 Bxf5 12. Ng5 h6 13. Ne4 Bxe4 14. dxe4 Qh4
15. Bd3 Rf7 16. f3 Raf8 17. a3 g5 18. Bd2 h5 19. Qc1 g4 20. Bg5 gxf3 21. Bxh4 {
Normal} 1-0

[Event "Rated Blitz game"]
[Site "?"]
[Date "2021.02.18"]
[Round "?"]
[White "JohnChapman"]
[Black "KamranShirazi"]
[Result "1-0"]
[WhiteElo "2547"]
[BlackElo "2454"]
[PlyCount "43"]
[EventDate "2021.??.??"]
[EventType "blitz"]

1. e4 e5 2. Nf3 d5 3. exd5 e4 4. Ne5 Qxd5 5. d4 exd3 6. Nxd3 Bd6 7. Nc3 Qf5 8.
Be3 Nc6 9. Qd2 Be6 10. h3 Nf6 11. O-O-O O-O-O 12. g4 Qa5 13. Bg2 Nb4 14. a3
Nxd3+ 15. cxd3 Bb3 16. Rde1 Bxa3 17. bxa3 Rxd3 18. Qxd3 Rd8 19. Qf5+ Qxf5 20.
gxf5 Rd3 21. Kb2 Bc4 22. Rd1 {Normal} 1-0

[Event "Rated Blitz game"]
[Site "?"]
[Date "2021.02.18"]
[Round "?"]
[White "vaiCheb0a"]
[Black "blastol"]
[Result "1-0"]
[WhiteElo "2402"]
[BlackElo "2391"]
[PlyCount "89"]
[EventDate "2021.??.??"]
[EventType "blitz"]

1. e4 e5 2. Nf3 d5 3. exd5 Bd6 4. Nc3 Nf6 5. Bb5+ c6 6. dxc6 bxc6 7. Ba4 e4 8.
Qe2 O-O 9. Nd4 Ba6 10. d3 exd3 11. cxd3 Bc5 12. Nxc6 Nxc6 13. Bxc6 Bxd3 14. Qf3
Ba6 15. Bg5 Qb6 16. Bxf6 Rfe8+ 17. Be4 Qxb2 18. Rb1 Rxe4+ 19. Qxe4 Qxf2+ 20.
Kd1 Qxf6 21. Qxa8+ Bf8 22. Rb8 Qd4+ 23. Kc2 Bd3+ 24. Kb2 Qc5 25. Rxf8+ Qxf8 26.
Qxf8+ Kxf8 27. Rd1 Bc4 28. g3 Be6 29. Rd4 h5 30. Ra4 g5 31. Rxa7 f5 32. Ra5 Kf7
33. Nd5 h4 34. gxh4 gxh4 35. Nf4 Bd7 36. a4 Kf6 37. Ra7 Kg5 38. Rxd7 Kxf4 39.
Rh7 Kg4 40. a5 f4 41. a6 f3 42. Rf7 Kh3 43. a7 Kg2 44. a8=Q Kxh2 45. Qxf3 {
Normal} 1-0

[Event "Rated Blitz game"]
[Site "?"]
[Date "2021.02.18"]
[Round "?"]
[White "TeliTmas"]
[Black "Autumnal"]
[Result "1-0"]
[WhiteElo "2447"]
[BlackElo "2307"]
[PlyCount "55"]
[EventDate "2021.??.??"]
[EventType "blitz"]

1. e4 e5 2. Nf3 d5 3. exd5 Bd6 4. Nc3 Nf6 5. d4 e4 6. Ng5 O-O 7. Be2 Re8 8. h4
Nbd7 9. Be3 Nb6 10. Qd2 Nbxd5 11. g3 Bb4 12. a3 Bxc3 13. bxc3 Bg4 14. c4 Bxe2
15. Qxe2 Nxe3 16. fxe3 Qd6 17. Kf2 c5 18. c3 h5 19. Kg2 Rad8 20. Rhf1 Ng4 21.
Nxf7 Qg6 22. Nxd8 Rxd8 23. Rf4 cxd4 24. cxd4 Rc8 25. c5 Nf6 26. Raf1 Nd5 27.
Rf5 Qh6 28. Rxd5 {Normal} 1-0

[Event "Rated Blitz game"]
[Site "?"]
[Date "2021.02.18"]
[Round "?"]
[White "irekyouall"]
[Black "Schachelite"]
[Result "1-0"]
[WhiteElo "2457"]
[BlackElo "2416"]
[PlyCount "64"]
[EventDate "2021.??.??"]
[EventType "blitz"]

1. e4 e5 2. Nf3 d5 3. d4 dxe4 4. Nxe5 Bd6 5. Nc4 Nf6 6. Nxd6+ Qxd6 7. Be2 Nc6
8. c3 O-O 9. O-O b6 10. Nd2 Bb7 11. Nc4 Qe6 12. Ne3 Rad8 13. Qb3 Qd7 14. h3 Ne7
15. a4 Nfd5 16. a5 Kh8 17. axb6 axb6 18. Ra7 Bc6 19. Nxd5 Nxd5 20. c4 Nf6 21.
d5 Ba8 22. Bf4 Rc8 23. Rfa1 Kg8 24. Qa3 h6 25. Be5 Qf5 26. Bxc7 Bxd5 27. cxd5
Nxd5 28. Bg3 e3 29. Bg4 exf2+ 30. Bxf2 Qf4 31. Bxc8 Rxc8 32. Ra8 Rxa8 {Normal}
1-0

[Event "Rated Blitz game"]
[Site "?"]
[Date "2021.02.18"]
[Round "?"]
[White "hackeraxel"]
[Black "RiskyBlitzer"]
[Result "0-1"]
[WhiteElo "2393"]
[BlackElo "2416"]
[PlyCount "96"]
[EventDate "2021.??.??"]
[EventType "blitz"]

1. e4 e5 2. Nf3 d5 3. exd5 e4 4. Qe2 Nf6 5. Nc3 Be7 6. Nxe4 Nxd5 7. d3 O-O 8.
Be3 Re8 9. O-O-O f5 10. c4 Nxe3 11. fxe3 fxe4 12. dxe4 Nd7 13. Nd4 Bf6 14. Qc2
Qe7 15. Nf5 Qe5 16. Rd5 Qe6 17. Bd3 c6 18. Rd6 Qe5 19. Rf1 Nc5 20. Nh6+ gxh6
21. Rdxf6 Nxd3+ 22. Qxd3 Be6 23. Qe2 Rf8 24. Rxf8+ Rxf8 25. Rxf8+ Kxf8 26. Qf2+
Ke7 27. Qh4+ Qf6 28. Qf4 Qxf4 29. exf4 Bxc4 30. a3 h5 31. Kd2 c5 32. Ke3 Ke6
33. g3 b5 34. Kf3 Bb3 35. Ke3 a5 36. Kd3 Bc4+ 37. Kc3 Bf1 38. Kd2 b4 39. Ke3
Bc4 40. Kd2 a4 41. Ke3 Kd6 42. Kd2 Kc6 43. Kc2 Kb5 44. Kd2 Bb3 45. Kd3 Bc4+ 46.
Kd2 Bf1 47. f5 Kc6 48. e5 Bh3 {Normal} 0-1

[Event "Rated Blitz tournament 6shSWibl"]
[Site "?"]
[Date "2021.02.18"]
[Round "?"]
[White "lau_ocs"]
[Black "dr_xStranger"]
[Result "1-0"]
[WhiteElo "2427"]
[BlackElo "2575"]
[PlyCount "127"]
[EventDate "2021.??.??"]
[EventType "blitz"]

1. e4 e5 2. Nf3 d5 3. Nxe5 Nf6 4. d4 Bd6 5. exd5 O-O 6. Be2 Re8 7. O-O Bxe5 8.
dxe5 Rxe5 9. c4 Qe8 10. Bf3 Bf5 11. Nc3 c6 12. Bf4 Re7 13. dxc6 Nxc6 14. Nd5
Nxd5 15. cxd5 Rd8 16. Qa4 Ne5 17. Qxe8+ Rexe8 18. Bxe5 Rxe5 19. Rac1 f6 20. Rc7
Bd3 21. Rd1 Ba6 22. h3 Rd6 23. a4 b6 24. Rxa7 Be2 25. Bxe2 Rxe2 26. b4 Re4 27.
Rc1 h5 28. Rcc7 Rxd5 29. Rxg7+ Kh8 30. Rh7+ Kg8 31. Rhb7 Rd8 32. Rxb6 h4 33.
Rxf6 Re1+ 34. Kh2 Rdd1 35. g3 Rh1+ 36. Kg2 Rhg1+ 37. Kf3 hxg3 38. Rg6+ Kf8 39.
Rxg3 Rd3+ 40. Ke2 Rgxg3 41. fxg3 Rxg3 42. b5 Rb3 43. Kd2 Ke8 44. Kc2 Rb4 45.
Kc3 Rb1 46. Kc4 Kd8 47. Kc5 Kc8 48. Kb6 Rg1 49. Rh7 Rg6+ 50. Ka5 Kb8 51. h4 Re6
52. h5 Rf6 53. h6 Rf4 54. Rh8+ Kb7 55. Rh7+ Kb8 56. Kb6 Rf6+ 57. Kc5 Rf4 58. a5
Rh4 59. a6 Rg4 60. Kb6 Rg6+ 61. Ka5 Rg5 62. Rg7 Rh5 63. h7 Rh1 64. Rg8+ {Normal
} 1-0

[Event "Rated Blitz game"]
[Site "?"]
[Date "2021.02.17"]
[Round "?"]
[White "Rookie1243"]
[Black "Schachelite"]
[Result "0-1"]
[WhiteElo "2351"]
[BlackElo "2423"]
[PlyCount "50"]
[EventDate "2021.??.??"]
[EventType "blitz"]

1. e4 e5 2. Nf3 d5 3. exd5 e4 4. Qe2 Nf6 5. d3 Qxd5 6. Nc3 Bb4 7. Bd2 Bxc3 8.
Bxc3 O-O 9. Bxf6 exf3 10. gxf3 gxf6 11. O-O-O Qxa2 12. Rg1+ Kh8 13. Qe7 Qa1+
14. Kd2 Qa5+ 15. Kc1 Qa1+ 16. Kd2 Qa5+ 17. c3 Nd7 18. Bh3 Qe5 19. Qa3 c5 20. d4
Qf4+ 21. Kc2 Nb6 22. dxc5 Bxh3 23. cxb6 Bf5+ 24. Kb3 axb6 25. Qd6 Qa4# {Normal}
0-1